Personnage principal animé 1 - Statistiques

Statistiques générales
  • Ce quiz a été pris 77 fois
  • Le résultat moyen est 10 sur 20
Statistiques - réponses
Animés Personnage Principal % Correct
One Piece Monkey D Luffy
100%
Naruto Naruto Uzumaki
100%
Pokemon Sacha Ketchum
95%
Death Note Light Yagami
90%
Chainsaw Man Denji
73%
Code geass Lelouch vi Britannia
70%
Sword Art Online Kazuto Kirigaya
65%
Frieren: Beyond Journey's End Frieren
62%
Grappler Baki Baki Hanma
60%
Kaguya-sama : Love is War Miyuki Shirogane | Kaguya Shinomiya
60%
Classroom of the elite Kiyotaka Ayanokoji
51%
[Oshi no Ko] Aquamarine | Ruby
49%
Tensei shitara slime datta ken Limule Tempest
41%
Kaiju No.8 Kafka Hibino
35%
Mushoku Tensei Rudeus Greyrat
27%
Kingdom Shin Li
21%
Danmachi Bell Cranel
16%
86: EIGHTY-SIX Shinei Nouzen
16%
The Angel Next Door Spoils me Rotten Amane Fujimiya
6%
Shangri-La Frontier Rakurou Hizutome
5%
Aucun quiz correspondant
Distribution des résultats
% des personnes avec chaque résultat
Percentile par nombre de réponses
Votre historique - résultats
Vous n’avez pas pris ce quiz